000 00643nam a2200205 a 4500
005 20240208063714.0
008 121030s1987 mx r 000 0 spa d
035 _aUPN01000188090
049 _aCG
050 4 _aBF721
_bP7.3
245 0 3 _aLa psicología evolutiva y pedagógica en la URSS :
_bantología /
_ccomp. y tr. Marta Shuare.
260 _aMoscú :
_bProgreso,
_c1987.
300 _a350 p.
440 0 _aBiblioteca de psicología soviética
650 4 _aPsicología infantil
_990
650 7 _aPSICOLOGIA EDUCATIVA -
_xESTUDIO Y ENSEÑANZA
_2
_920846
700 1 _aShuare, Martha,
_ecomp.
905 _aLibro
999 _c160193
_d160193